Star Wars Crawl - The Force Awakens - Statistics

General Stats
  • This quiz has been taken 132 times
  • The average score is 61 of 88
Answer Stats
Answer % Correct
a
97%
a
97%
a
97%
FIRST
95%
Luke
95%
Luke
95%
the
95%
the
95%
the
95%
the
95%
the
95%
the
95%
the
95%
ORDER
93%
Skywalker
93%
Skywalker,
93%
has
92%
has
92%
has
92%
has
92%
has
92%
an
88%
vanished.
88%
Leia
86%
Leia
86%
In
83%
in
83%
of
83%
of
83%
and
80%
and
80%
and
80%
Empire
80%
Jedi,
79%
to
79%
to
79%
to
79%
to
79%
is
78%
General
76%
his
74%
his
74%
Organa
74%
RESISTANCE.
74%
risen
72%
from
70%
ashes
68%
last
68%
on
68%
absence,
67%
brother
67%
find
67%
her
67%
her
67%
Jakku,
67%
galaxy.
64%
REPUBLIC,
63%
pilot
62%
help
59%
With
59%
old
58%
mission
57%
rest
55%
been
53%
where
53%
ally
51%
leads
51%
peace
51%
secret
51%
sent
50%
desperate
49%
not
49%
will
49%
She
47%
until
47%
most
45%
brave
43%
restoring
42%
daring
41%
destroyed.
39%
support
39%
whereabouts...
39%
clue
38%
justice
38%
Luke's
37%
gain
36%
discovered
34%
villainous
17%
No matching quizzes found
Score Distribution
Percent of People with Each Score
Percentile by Number Answered
Your Score History
You have not taken this quiz